Most requested radio sermons of 1956 (Record no. 17849)

000 -LEADER
fixed length control field 00835nam a22001937a 4500
003 - CONTROL NUMBER IDENTIFIER
control field OkBaRHE
005 - DATE AND TIME OF LATEST TRANSACTION
control field 20120112130627.0
008 - FIXED-LENGTH DATA ELEMENTS--GENERAL INFORMATION
fixed length control field 110517t xxu||||| |||| 00| 0 eng d
040 ## - CATALOGING SOURCE
Transcribing agency
050 ## - LIBRARY OF CONGRESS CALL NUMBER
Classification number BX 8765.5
Item number .Z6 W37 M6 1956
100 ## - MAIN ENTRY--PERSONAL NAME
Personal name Ward, C. M.
9 (RLIN) 1117
245 ## - TITLE STATEMENT
Title Most requested radio sermons of 1956
Remainder of title as preached by C. M. Ward.
Statement of responsibility, etc Special Edition.
260 ## - PUBLICATION, DISTRIBUTION, ETC. (IMPRINT)
Place of publication, distribution, etc Springfield, MO
Name of publisher, distributor, etc Assemblies of God
Date of publication, distribution, etc 1956
300 ## - PHYSICAL DESCRIPTION
Extent 96 p.
Dimensions 19 cm.
500 ## - GENERAL NOTE
General note Foreward by E. M. Clark
520 ## - SUMMARY, ETC.
Summary, etc 12 sermons included: The Gospel, Engagements, Landmarks, Sorcerers, Fathers Provoke Not Your Children to Wrath, This Generation Shall Not Pass, Compromises, Take Up Thy Bed and Walk, An Appointment With Death, Fashions, Partners, Shouting
650 ## - SUBJECT ADDED ENTRY--TOPICAL TERM
Topical term or geographic name as entry element Sermons
General subdivision Assemblies of God, General Council
Chronological subdivision American.
9 (RLIN) 1208
942 ## - ADDED ENTRY ELEMENTS (KOHA)
Source of classification or shelving scheme
Koha item type Books
Copies
Lost status Damaged status Withdrawn status Permanent Location Copy number Full call number Price effective from Barcode Not for loan Source of classification or shelving scheme Shelving location Date acquired Koha item type Date last seen Current Location
   RHEMA Bible Training College1BX 8765.5 .Z6 W37 M6 19562011-05-1721999  General Stacks2011-05-17Books2011-05-17RHEMA Bible Training College
   RHEMA Bible Training College2BX 8765.5 .Z6 W37 2011-05-179939  General Stacks2011-05-17Books2011-05-17RHEMA Bible Training College